Normal view
MARC view
- HUNTER ERIN
Entry Personal Name
001 - CONTROL NUMBER
- control field: 7697
003 - CONTROL NUMBER IDENTIFIER
- control field: OSt
005 - DATE AND TIME OF LATEST TRANSACTION
- control field: 20230714133529.0
008 - FIXED-LENGTH DATA ELEMENTS
- fixed length control field: 230714|| aca||aabn | a|a d
040 ## - CATALOGING SOURCE
- Original cataloging agency: OSt
- Transcribing agency: OSt
100 ## - HEADING--PERSONAL NAME
- Personal name: HUNTER ERIN
670 ## - SOURCE DATA FOUND
- Source citation: Work cat.: (OSt)12371: HUNTER ERIN, WARRIORS (WARRIOR'S RETURN)-3, 2000